| 000 | 01122nam a2200253Ia 4500 | ||
|---|---|---|---|
| 999 |
_c38149 _d38149 |
||
| 001 | 4139 | ||
| 003 | GE_BSU | ||
| 005 | 20190925121405.0 | ||
| 008 | 181216s1969||||ge |||||||||||||| ||geo|| | ||
| 040 | _cGE_BSU | ||
| 041 | _ageo | ||
| 080 | _a398(479.223)+821.353.1–1 მ–90 | ||
| 100 |
_aმსხალაძე, ალექსანდრე _94314 |
||
| 245 |
_aაჭარის საოჯახო საწესჩვეულებო პოეზია / _cრედ. მ. ვარშანიძე. |
||
| 264 |
_aბათუმი : _bსაბჭ. აჭარა, _c1969. |
||
| 300 |
_a165 გვ. ; _b17 სმ. |
||
| 501 | _aსანოტო დანართი გვ.133-147. | ||
| 520 | _aრეზუმე რუს. ენ. | ||
| 653 | _aქართული პოეზიის ისტორია და კრიტიკა | ||
| 653 | _aქართული წეს-ჩვეულებები | ||
| 653 | _a ქართული ფოლკლორი | ||
| 700 |
_aვარშანიძე, მ. _eრედაქტორი _94214 |
||
| 942 |
_cBK _2udc |
||